South African Law Reports: Transvaal Provincial Division (Record no. 3242)

MARC details
000 -LEADER
fixed length control field 00469nam a22001577a 4500
005 - DATE AND TIME OF INPUT
control field 20241113131911.0
008 - DATA ELEMENTS--GENERAL INFORMATION
fixed length control field 241113b |||||||| |||| 00| 0 eng d
041 ## - LANGUAGE CODE
Language code of text English
082 ## - SHELF NUMBER
DDC number 349 SOU
100 ## - MAIN AUTHOR
Language of a work English
245 ## - TITLE STATEMENT
Title South African Law Reports: Transvaal Provincial Division
260 ## - PUBLICATION, DISTRIBUTION, ETC.
Place of publication, distribution, etc. Cape Town:
Name of publisher, distributor, etc. Juta and Company Ltd,
Date of publication, distribution, etc. 1931
300 ## - PHYSICAL DESCRIPTION
Other physical details xxviii, 340 pages;
Dimensions 25 cm.
650 ## - SUBJECT`
Broad subject Legal practice
Own subject terms Law
942 ## - ADDED ENTRY ELEMENTS (KOHA)
Item type Books
942 ## - ADDED ENTRY ELEMENTS (KOHA)
-- ALISON_BN_VRIES
Holdings
Source of classification or shelving scheme Not for loan Collection code Home library Current library Shelving location Date acquired Full call number Barcode Price effective from Koha item type
Dewey Decimal Classification   SOUTH AFRICAN LAW REPORTS LAW SOCIETY OF NAMIBIA LIBRARY - WINDHOEK LAW SOCIETY OF NAMIBIA LIBRARY - WINDHOEK Transvaal law report 11/13/2024 349 SOU LSN/2023/3551 11/13/2024 Books